000
00302nam a2200121Ia 4500
003
GCL
008
140319s9999 xx 000 0 eng d
040
_a
GCL /
_c
GCL
082
0
4
_a
005.43
_b
L U
245
1
0
_a
USING NIVELL NETWARRE, 2ND ED
260
_a
[S.N] :
_b
QUE CORPORATION ،
_c
1992
300
_a
913 P
999
_c
17037
_d
17037